Terraria Potions - Statistics

General Stats
  • This quiz has been taken 78 times
  • The average score is 54 of 66
Answer Stats
Hint Answer % Correct
Restores 100 HP Healing Potion
96%
Restores 100 Mana Mana Potion
96%
Restores 50 HP Lesser Healing Potion
94%
Allows the control of the user's gravity Gravitation Potion
92%
Increases defense by 8 Ironskin Potion
92%
Throw this to make someone fall in love Love Potion
92%
Increases the Luck of the user (5 minutes) Luck Potion
92%
Increased enemy spawn rate Battle Potion
91%
Increases tile placement speed and range Builder Potion
91%
Restores 150 HP Greater Healing Potion
91%
Restores 200 Mana Greater Mana Potion
91%
Grants invisibility and lowers the spawn rate of enemies Invisibility Potion
91%
Restores 50 Mana Lesser Mana Potion
91%
Provides immunity to lava Obsidian Skin Potion
91%
Shows the location of treasure and ore Spelunker Potion
91%
Slows falling speed (and increases jump height if holding up key) Featherfall Potion
89%
Increases fishing power by 15 Fishing Potion
89%
Melee attacks inflict Ichor debuff Flask of Ichor
89%
Breathe water instead of air Gills Potion
89%
Provides life regeneration Regeneration Potion
89%
Attackers also take damage Thorns Potion
89%
Allows the ability to walk on water Water Walking Potion
89%
Allows you to see nearby danger sources Dangersense Potion
87%
Shows the location of enemies Hunter Potion
87%
Teleports the player to their spawn point Recall Potion
87%
Increases chance to fish up a crate Crate Potion
85%
Increases mining speed by 25% Mining Potion
85%
Emits an aura of light Shine Potion
85%
25% increased movement speed Swiftness Potion
85%
Teleports the player to a random location within the world Teleportation Potion
85%
Teleports the player to a teammate when they click their icon on the map Wormhole Potion
85%
Grants +10% bow damage and +20% arrow speed Archery Potion
83%
Melee attacks inflict On Fire! debuff Flask of Fire
83%
Melee attacks inflict Poisoned debuff Flask of Poison
83%
Increases the Luck of the user (10 minutes) Greater Luck Potion
83%
Increases max life by 20% Lifeforce Potion
83%
Teleports the player to their spawn point, and creates a portal to return to their previous location Potion of Return
83%
Increases knockback Titan Potion
83%
Melee attacks inflict Midas debuff Flask of Gold
81%
Ignites nearby enemies Inferno Potion
81%
Inflicts the Darkness, Poisoned, Cursed, On Fire!, Weak, Confused, Slow, Silenced, Broken Armor, Bleeding, and Suffocation debuffs on the player, or 3 random buffs for 30 minutes if used in a world with the seed "For The Worthy" Red Potion
81%
Detects hooked fish Sonar Potion
81%
Melee attacks inflict Acid Venom debuff Flask of Venom
79%
Increases pickup range for life hearts Heartreach Potion
79%
Increases the Luck of the user (3 minutes) Lesser Luck Potion
79%
Increases damage by 10% Wrath Potion
79%
Decreases enemy spawn rate Calming Potion
77%
Melee attacks inflict Confetti explosions Flask of Party
77%
20% increased magic damage Magic Power Potion
77%
Throw this to make someone smell terrible Stink Potion
77%
Restores 200 HP Super Healing Potion
77%
Restores 300 Mana Super Mana Potion
77%
Increased mana regeneration Mana Regeneration Potion
75%
Changes the character's gender to the opposite Gender Change Potion
74%
Reduces damage taken by 10% Endurance Potion
70%
Increases vision Night Owl Potion
70%
Increases critical strike chance by 10% Rage Potion
70%
Restores 90 HP and lessens cooldown by 15 seconds Restoration Potion
70%
Lets you move swiftly in liquids Flipper Potion
68%
Reduces damage from cold sources Warmth Potion
68%
Grants a 20% chance to save ammo Ammo Reservation Potion
66%
Increases your max number of minions by 1 Summoning Potion
66%
Melee attacks inflict Cursed Inferno debuff Flask of Cursed Flames
62%
Shows the location of infected blocks Biome Sight Potion
55%
Restores between 70-120 HP, cooldown lasts between 40-70 seconds, and randomly inflicts a brief moment of damage immunity Strange Brew
47%
Melee attacks inflict Confused debuff Flask of Nanites
42%
No matching quizzes found
Score Distribution
Percent of People with Each Score
Percentile by Number Answered
Your Score History
You have not taken this quiz